000 00456nam a2200181Ia 4500
008 230711s9999||||xx |||||||||||||| ||und||
020 _a978-1-935677-66-6
041 _aENG
082 _a711.40954
_bGU-C
100 _aGupta,Archana
245 0 _aCelebrating Public Spaces of India
250 _a1st Ed.
260 _c2017
_aAhemdabad
_bMapin Publishing Pvt.Ltd
300 _a167p.
650 _aArchitecture
700 _aGupta,Anshuman
942 _cBK
999 _c6498
_d6498